000
00208 a2200097 4500
001
9248
100
_a
Arberry,A.J.
245
_a
Aspects of Islamic civilization
260
_a
_b
Allen
_c
090
_c
7418
_d
7418
942
_a
NUST-CAE
_c
M
_c
34065
999
_c
244321
_d
244321